| 000 | 01639cam a2200301 a 4500 | ||
|---|---|---|---|
| 999 |
_c17602 _d17602 |
||
| 008 | 840601s1983 nyuc cb 001 0 eng | ||
| 050 | 0 | 0 |
_aND1311 _b.N28 1983 |
| 110 | 2 | _aNational Academy of Design (U.S.) | |
| 245 | 1 | 0 |
_aArtists by themselves : _bartists' portraits from the National Academy of Design. |
| 260 |
_aNew York, N.Y. : _bThe Academy ; _a[Seattle, Wash.] : _bDistributed by the University of Washington Press, _cc1983. |
||
| 300 |
_a175 p. : _bports. (some col.) ; _c30 cm. |
||
| 504 | _aIncludes bibliographical references and index. | ||
| 650 | 0 |
_aSelf-portraits, American _xExhibitions. |
|
| 650 | 0 |
_aPortrait painting, American _xExhibitions. |
|
| 700 | 1 | _aQuick, Michael. | |
| 942 |
_2lcc _cBOOKS _hND1311 .N28 1983 |
||